Statistiques concernant Vainqueur Rallye D'Automne

Cliquez ici pour prendre le quiz!

Statistiques générales

  • Ce quiz a été pris 6 fois
  • Le résultat moyen est 11 sur 48

Statistiques - réponses

AnnéeVainqueurVoiture% Correct
2015Eric BrunsonFord Fiesta RS WRC
75%
2019Eric BrunsonFord Fiesta RS WRC
75%
1996Hugues DelageBMW M3 E30
75%
1998Hugues DelageBMW M3 E30
75%
1988Hugues DelageFord Sierra RS Cosworth
75%
1991Hugues DelageBMW M3 E30
75%
1994Hugues DelageBMW M3 E30
75%
1995Hugues DelageBMW M3 E30
75%
1997Hugues DelageBMW M3 E30
75%
2021Jean Marie CuoqCitroën C4 WRC
50%
2022Jean Marie CuoqCitroën C4 WRC
50%
2023Jordan BerfaHyundai I20 R5
50%
2017Nicolas HernandezSkoda Fabia R5
50%
2007Pierre RochéSubaru Impreza WRX STi
50%
2013Jean Charles BeaubeliqueFord Focus RS WRC '07
25%
2016Jean Charles BeaubeliqueCitroën DS3 WRC
25%
2006Jerôme GalpinSubaru Impreza S5 WRC '98
25%
2005Jerôme GalpinPeugeot 206 WRC
25%
2004Jerôme GalpinSubaru Impreza S5 WRC '98
25%
2010Jerôme GalpinPeugeot 207 S2000
25%
2001Stéphane PustelnikRenault Mégane Maxi
25%
1984Alain SerpaggiRenault 5 Turbo
0%
2003Alexandre BenguePeugeot 206 WRC
0%
2002Benoît RousselotSubaru Impreza S7 WRC '01
0%
2009Bertrand PierratToyota Corolla WRC
0%
1972Christian AvrilAlpine A110 1600
0%
1990Christophe AlexandrovitchPeugeot 309 GTI
0%
1982Chrystian CoeuilleAlpine A310 V6
0%
1989Daniel RageauFord Sierra RS Cosworth
0%
1975Gérard PetitAlpine A110 1800
0%
1970Jannick AuxéméryAlpine A110 1300S
0%
1980Jean-Gérard LevraudPorsche 911 Carrera 3.0
0%
1981Jean-Louis RavenelTalbot Sunbeam Lotus
0%
1993Jean-Pierre ChampeauFord Sierra Cosworth 4x4
0%
1986Jean-Pierre RougetRenault 5 Turbo Tour de Corse
0%
1983Jean-Pierre RougetTalbot Sunbeam Lotus
0%
1992Michel CrespelRenault Clio 16S
0%
1985Pascal ThomasseRenault 5 Turbo Tour de Corse
0%
1971Philippe FarjonAlpine A110 1600S
0%
1999Philippe JalouzotSubaru Impreza 555
0%
1979Philippe MalbranTalbot Sunbeam Lotus
0%
1978Richard CabedocePorsche 911 Carrera 3.0
0%
2008Stéphane ClairMitsubischi Lancer Evo IX
0%
1969ViaudPorsche 911 S
0%
2011Xavier LemonnierPeugeot 206 WRC
0%
2012Xavier LemonnierMitsubischi Lancer Evo X R4
0%
1976Yvan BarbierAlpine A110 1800
0%
2000Yvan MullerFord Escort RS Cosworth
0%

Distribution des résultats

Percentile par nombre de réponses

% des personnes avec chaque résultat

Votre développement - résultats

Vous n’avez pas pris ce quiz